000 00935nas a2200301 4500
001 BR0104372
003 BR-BrBNA
005 20231205102643.0
007 ta
008 230509b bl.|||p| |||| 00| 00por d
040 _aBR-BrBNA
_bpor
_cBiblioteca Nacional de Agricultura
041 _a(Pt)
072 _aF01; F08
100 1 _aPaiva, P.D. de O.
100 1 _aGuimarães, R.J.
100 1 _aBeraldo, D.A.
100 1 _aPaiva, R.
100 1 _aReis, S.N.
100 1 _aBalieiro, A.C.
245 1 _aEfeito do número de linhas de plantio sobre a produtividade de Gladíolo em cultivo intercalar à lavoura cafeeira
650 _aGLADÍOLO
650 _aCAFÉ
650 _aCULTIVO INTERCALADO
650 _aPRODUTIVIDADE
773 0 _tRevista Brasileira de Horticultura Ornamental (Brazil)
_xISSN 1414-039X
_g(2000), v. 6(1-2) p. 81-84
_wBR0104372
909 _a202311
_bLúcia
_c55
_dLúcia Elande
942 _2AGRIS
_n0
_cANA
999 _c168641
_d168641